000
00243nam a22001097a 4500
008
170116b xxu||||| |||| 00| 0 eng d
020
_a
100763748579
041
_a
eng
080
_2
9TH
_a
618.2
245
_a
EMERGENCY
_c
BREWER, C
942
_2
udc
_c
BK
999
_c
2958
_d
2958